Student,s guide to incometax 1988-89 / (Record no. 127145)

MARC details
000 -LEADER
fixed length control field 00644nam a22002297a 4500
005 - DATE AND TIME OF LATEST TRANSACTION
control field 20170124110020.0
010 ## - LIBRARY OF CONGRESS CONTROL NUMBER
LC control number A-366815
020 ## - INTERNATIONAL STANDARD BOOK NUMBER
Terms of availability 00.00
035 ## - SYSTEM CONTROL NUMBER
System control number A-366815
037 ## - SOURCE OF ACQUISITION
Source of stock number/acquisition Cen Lib/Ret
040 ## - CATALOGING SOURCE
Original cataloging agency DPL
Language of cataloging EN
082 ## - DEWEY DECIMAL CLASSIFICATION NUMBER
Classification number 336.24
Item number SIN
100 ## - MAIN ENTRY--PERSONAL NAME
Personal name Singhania, Vinod K.
9 (RLIN) 12242
245 ## - TITLE STATEMENT
Title Student,s guide to incometax 1988-89 /
Statement of responsibility, etc by Vinod K. Singhania
260 ## - PUBLICATION, DISTRIBUTION, ETC. (IMPRINT)
Place of publication, distribution, etc Delhi
Name of publisher, distributor, etc Taxmann
Date of publication, distribution, etc 1988
270 ## - ADDRESS
Address 1871,Kucha Chelan Khari Baoli
City Delhi
Postal code 110006
300 ## - PHYSICAL DESCRIPTION
Extent Various pages
Dimensions 22cm(Hb)
650 ## - SUBJECT ADDED ENTRY--TOPICAL TERM
Topical term or geographic name as entry element Economics
9 (RLIN) 19548
650 ## - SUBJECT ADDED ENTRY--TOPICAL TERM
Topical term or geographic name as entry element Income tax
9 (RLIN) 19549
700 ## - ADDED ENTRY--PERSONAL NAME
9 (RLIN) 7313
942 ## - ADDED ENTRY ELEMENTS (KOHA)
Source of classification or shelving scheme Dewey Decimal Classification
Koha item type English Books
Classification part 336.24
Call number suffix SIN
Holdings
Withdrawn status Lost status Damaged status Not for loan Home library Current library Date acquired Source of acquisition Cost, normal purchase price Total Checkouts Full call number Barcode Date last seen Copy number Cost, replacement price Price effective from Koha item type Public note
Written off       Central Library Central Library 27/06/2015 Cen Lib/Ret 0.00   336.24 SIN A-366815 27/06/2015 1 0.00 27/06/2015 English Books W/d list no. 6819/21

© Delhi Public Library
Hit Counter
free hit counter